00377nam a2200133 a 4500008004100000050001700041100002800058245005500086246002400141250001200165260003200177300002500209350000900234120416s1978 ||||||||||||||||| || u aRC 961.5 Jel aJelliffe, Derrick Brian10aDiseases of children in the subtropics and tropics aDerrick B. Jelliffe a3rd ed. aLondonbEdward Arnoldc1978 axviii, 1049p. : ill. a0.00